00678 2200193 4500001002100000005001500021035002000036007000300056008004100059020002200100082000800122084001400130100002000144245019900164250001100363260004000374300005200414650001800466INLIS00000000000048320221108080210 a0010-1122000077ta221108 b 1 ind  a978-602-467-034-4 a813 a813 TIM c0 aTim Penulis EFK1 aCerita Rakyat Nusantara 10 :bLegenda Putri Mandalika; Ande-Ande Lumut;Legenda Putri Hijau; Ratna Lestari dan Bakuh si Raksasa; Putri Kembang Dadar; Roro Anteng dan Joko Seger /cTim Penulis EFK aCet. I aJakarta :bErlangga For Kids,c2018 a79 halaman :bilustrasi tidak berwarna ;c23 cm 4aCerita Rakyat